Представление документа в формате RUSMARC

ПолеНазваниеЗначение
  Тип записи a
  Библиографический уровень m
001 Контрольный номер RU/УГОНБ/EK/32710
005 Дата корректировки 20260703161628.8
010 Индекс ISBN __
a ISBN 5-250-01310-4
d Цена 5 р. 93 к.
9 Тираж 50000 экз.
100 Данные общей обработки __
a Данные общей обработки 19920721d1992 u u0rusy0189 ca
101 Язык документа 0_
a Язык текста rus
102 Страна публикации __
a Страна публикации RU
105 Кодированные данные (монография) __
a Кодированные данные (монография) y z 000yy
200 Заглавие и сведения об ответственности 1_
a Заглавие Моральное зло в истории этики и культуры
f Первые сведения об ответственности А. П. Скрипник
210 Выходные данные 1_
a Место издания Москва
c Издательство Политиздат
d Дата издания 1992
215 Физическое описание __
a Объем 351 с.
d Формат 16 см
225 Серия 1_
a Серия Над чем работают, о чем спорят философы
606 Тематические рубрики 0_
a Основная рубрика Добро и зло (этич.)
610 Ключевые слова 0_
a Ключевые слова этика; добро; добро и зло; зло
686 Индексы других классификаций __
a Классификационный индекс 87.713.12
2 Код системы rubbk
700 Автор _1
a Фамилия Скрипник
b Имя (инициалы) А. П.
g Полное личное имя Анатолий Петрович
801 Источник записи _0
a Страна RU
b Организация Ульяновская ОНБ
c Дата составления 19920721
g Правила каталогизации RCR
801 Источник записи _1
a Страна RU
b Организация Ульяновская ОНБ
c Дата составления 20051027
g Правила каталогизации RCR
901 Тип документа __
t Тип документа m
910 Корректоры записи __
a Корректор записи Седова
b Дата внесения изменения в запись 20260703